Normal view
MARC view
- Cook, Robin
Entry Personal Name
001 - CONTROL NUMBER
- control field: 4616
003 - CONTROL NUMBER IDENTIFIER
- control field: OSt
005 - DATE AND TIME OF LATEST TRANSACTION
- control field: 20171208110224.0
008 - FIXED-LENGTH DATA ELEMENTS
- fixed length control field: 171208|| aca||aabn | a|a d
040 ## - CATALOGING SOURCE
- Original cataloging agency: OSt
- Transcribing agency: OSt
100 ## - HEADING--PERSONAL NAME
- Personal name: Cook, Robin
670 ## - SOURCE DATA FOUND
- Source citation: Work cat.: (OSt): Cook, Robin, Outbreak